000 00442nam a2200169Ia 4500
008 090711s9999 xx 000 0 und d
082 _b68933
100 _aआफळे गोविंद
245 _aउपासना
260 _c1992
300 _a44
600 _aआफळे गोविंद
630 _aउपासना
700 _aआफळे गोविंद
730 _aउपासना
942 _cBOOK
999 _c284481
_d284481